Normal view
MARC view
- Naeem Sahar
Entry Personal Name
001 - CONTROL NUMBER
- control field: 24495
003 - CONTROL NUMBER IDENTIFIER
- control field: NUST
005 - DATE AND TIME OF LATEST TRANSACTION
- control field: 20191021150135.0
008 - FIXED-LENGTH DATA ELEMENTS
- fixed length control field: 191021|| aca||aabn | a|a d
040 ## - CATALOGING SOURCE
- Original cataloging agency: NUST
- Transcribing agency: NUST
100 ## - HEADING--PERSONAL NAME
- Personal name: Naeem Sahar
670 ## - SOURCE DATA FOUND
- Source citation: Work cat.: (NUST): Naeem Sahar, MS/Thesis:Pharmacoinformatics Approaches to Probe Current Paradigm Shift in Hypercholesterolemia, 2019
